Library Banner

The Routledge companion to landscape studies / (Record no. 85530)

MARC details
000 -LEADER
fixed length control field 00545nam a2200205Ia 4500
001 - CONTROL NUMBER
control field 72496
008 - FIXED-LENGTH DATA ELEMENTS--GENERAL INFORMATION
fixed length control field 160428s9999 xx 000 0 und d
020 ## - INTERNATIONAL STANDARD BOOK NUMBER
International Standard Book Number 9780415684606
040 ## - CATALOGING SOURCE
Transcribing agency PK-LaUMT
082 ## - DEWEY DECIMAL CLASSIFICATION NUMBER
Classification number 712
Item number ROU-
100 ## - MAIN ENTRY--PERSONAL NAME
Personal name Howard, Peter
245 #4 - TITLE STATEMENT
Title The Routledge companion to landscape studies /
Statement of responsibility, etc Howard, Peter|Thompson, Ian|Waterton, Emma
260 ## - PUBLICATION, DISTRIBUTION, ETC. (IMPRINT)
Place of publication, distribution, etc London:
Name of publisher, distributor, etc Routledge,
Date of publication, distribution, etc 2013
300 ## - PHYSICAL DESCRIPTION
Extent 490 p
546 ## - LANGUAGE NOTE
Language note EN
650 ## - SUBJECT ADDED ENTRY--TOPICAL TERM
Topical term or geographic name as entry element Landscape assessment
700 ## - ADDED ENTRY--PERSONAL NAME
Personal name Thompson, Ian
700 ## - ADDED ENTRY--PERSONAL NAME
Personal name Waterton, Emma
942 ## - ADDED ENTRY ELEMENTS (KOHA)
Koha item type Books
Holdings
Withdrawn status Lost status Damaged status Not for loan Home library Current library Date acquired Total Checkouts Full call number Barcode Date last seen Price effective from Koha item type
        UMT Main Campus UMT Main Campus 2016-04-28   712 ROU- 99032 2016-04-28 2016-04-28 Books